书目信息 |
| 题名: |
沉香屑——第一炉香
|
|
| 作者: | 张爱玲 著 ;孙萌 , 晶晶 绘图 | |
| 分册: | ||
| 出版信息: | 上海 文汇出版社 2005.08 |
|
| 页数: | 1册 | |
| 开本: | 20cm | |
| 丛书名: | ||
| 单 册: | ||
| 中图分类: | I246.7 | |
| 科图分类: | ||
| 主题词: | 短篇小说--duan pian xiao shuo--中国--现代 | |
| 电子资源: | ||
| ISBN: | 7-80676-894-7 | |
| 000 | 01028nam0 2200277 450 | |
| 001 | 012008110187 | |
| 005 | 20080422114344.28 | |
| 010 | @a7-80676-894-7@dCNY25.00 | |
| 100 | @a20080422d2005 km y0chiy0120 ea | |
| 101 | 0 | @achi |
| 102 | @aCN@b310000 | |
| 105 | @aa z 000ay | |
| 106 | @ar | |
| 200 | 1 | @a沉香屑——第一炉香@Achen xiang xie——di yi lu xiang@e纸上电影@f张爱玲原著@Fzhang ai ling yuan zhu@g孙萌, 晶晶绘图@Gzhang kuang gai bian |
| 210 | @a上海@c文汇出版社@d2005.08 | |
| 215 | @a1册@c图 (部分彩图)@d20cm | |
| 300 | @a纪念张爱玲逝世十周年 | |
| 330 | @a本书讲述的是一个叫薇龙的女孩,由清纯的大学生转变为“自愿”为妓的过程,通过图文的表现,把原著的那种清冷、清醒、冷静和绚丽表现得更加浓烈和直观。 | |
| 517 | 1 | @a纸上电影@Azhi shang dian ying |
| 606 | 0 | @a短篇小说@Aduan pian xiao shuo@y中国@z现代 |
| 690 | @aI246.7@v4 | |
| 701 | 0 | @a张爱玲@Azhang ai ling@4著 |
| 702 | 0 | @a孙萌@Asun meng@4绘图 |
| 702 | 0 | @a晶晶@Ajing jing@4绘图 |
| 801 | 0 | @aCN@bQSSK@c20080422 |
| 905 | @b20701123-25@dI246.7@eZ073@f3 | |
| 沉香屑——第一炉香:纸上电影/张爱玲原著/孙萌, 晶晶绘图.-上海:文汇出版社,2005.08 |
| 1册:图 (部分彩图);20cm |
| 纪念张爱玲逝世十周年 |
| ISBN 7-80676-894-7:CNY25.00 |
| 本书讲述的是一个叫薇龙的女孩,由清纯的大学生转变为“自愿”为妓的过程,通过图文的表现,把原著的那种清冷、清醒、冷静和绚丽表现得更加浓烈和直观。 |
| ● |
| 相关链接 |
|
|
|
正题名:沉香屑——第一炉香
索取号:I246.7/Z073
 
预约/预借
| 序号 | 登录号 | 条形码 | 馆藏地/架位号 | 状态 | 备注 |
| 1 | 701123 | 207011231 | 社科二线400B/400B社科库 14排3列6层/ [索取号:I246.7/Z073] | 在馆 | |
| 2 | 701124 | 207011240 | 文学库108/ [索取号:I246.7/Z073] | 在馆 | |
| 3 | 701125 | 207011259 | 社科二线422/422社科库 15排2列3层/ [索取号:I246.7/Z073] | 在馆 |